000 00832nas a2200277 4500
001 BR0300302
003 BR-BrBNA
005 20231205103519.0
007 ta
008 230509b bl.|||p| |||| 00| 00por d
040 _aBR-BrBNA
_bpor
_cBiblioteca Nacional de Agricultura
041 _a(Pt)
072 _aL73
100 1 _aOliveira, J.P. de M. de
100 1 _aAboud-Dutra, A.E.
245 1 _aMeningoencefalite clínica provocada por candida sp em cadela
650 _aCÃO
650 _aMENINGITE
650 _aENCEFALITE
650 _aCANDIDÍASE
650 _aANÁLISE DE LABORATÓRIO
650 _aDIAGNÓSTICO
773 0 _tRevista Brasileira de Medicina Veterinária (Brazil)
_xISSN 0100-2430
_g(Mar-Apr 2002), v. 24(2) p. 67-70
_wBR0300302
909 _a202311
_bLúcia
_c55
_dLúcia Elande
942 _2AGRIS
_n0
_cANA
999 _c173269
_d173269